Регионална библиотека "Любен Каравелов" - Русе

Помагало по литература V клас (Запис номер 71799)

MARC детайли
000 -Лидер
Контролно поле с фиксирана дължина 01308nam a2200361 c 4500
003 - Код на организацията, давaща контролен номер
Контролно поле BLK
005 - Дата и час на последна редакция
Контролно поле 20180420223850.0
008 - Елементи от данни с фиксирана дължина
fixed length control field 180408b bul|||||r ||||||| ||bul||
010 ## - Наследен системен номер
LC control number KNG00076171000
020 ## - Международен стандартен номер на книга ISBN
Международен стандартен номер на книга ISBN 954-91354-8-9
-- издат.: Avis-24
040 ## - Източник на каталожния запис
Идентификатор на билиотеката - собственик на записа BLK
041 ## - Код за език
Код за езика на текст/звукозапис или на отделно заглавие Български
Код за езика КДБФ Български
080 ## - УДК
Текстов определител УДК Литература в основното училище. Методика на обучението
УДК код - определител по УДК 373.3.016:821
УДК определител (075.2)
УДК - код + определител 373.3.016:821(075.2)
100 1# - Редна дума - Автор
Автор Петкова, Ирен
Авторска отговорност първи автор
R(LIN) 295580
139 ## - Редно поле
Редна дума Помагало по литература V клас
Авторски знак Пом - П 72
245 10 - Сведения за заглавието
Заглавие Помагало по литература V клас
Редно поле (дума) Ирен Петкова.
257 ## - Страна на издаване
Страна на създаване/издаване България
260 ## - Област на издателските данни
-- София
Име на издателя, разпространителя и проч. Avis-24
Година на издаване 2006
300 ## - Физическа характеристика
Страници 160 с.
Размери/Мащаб 21 см
380 ## - Жанр
Жанр Обществени науки
490 1# - СЕРИИ (Колекции)
Име на серия Ученически свят
500 ## - Общи забележки
Забележка Офс. изд.
650 #4 - Допълнително описание по предмет – тема
Основно описание – тема или топоним Литература - учебници за основни училища
9 (RLIN) 246333
653 ## - Ключова дума – ненормативна
Ключова дума литература
653 ## - Ключова дума – ненормативна
Ключова дума V кл.
653 ## - Ключова дума – ненормативна
Ключова дума учебни помагала
653 ## - Ключова дума – ненормативна
Ключова дума учебници за основни училища
852 ## - Местоположение
Форматна сигнатура Цб 234720
856 4# - Електронен адрес и достъп
Електронен формат pdf - файл
Път до файла /url/
856 4# - Електронен адрес и достъп
Електронен формат pdf - файл
Път до файла /url/
942 ## - АРТИКУЛИ
Вид на библиотечния материал Книги
Скрит в OPAC Не
944 ## - СЪЗДАВАНЕ И РЕДАКЦИЯ на ЗАПИСА
Създаване/Редакция Създаване
Дата на регистрацията/редакция 02.07.2007
Служител, извършил регистрацията/редакцията Геновева_Генчева
944 ## - СЪЗДАВАНЕ И РЕДАКЦИЯ на ЗАПИСА
Създаване/Редакция Редакция
Дата на регистрацията/редакция 15.10.2007
Служител, извършил регистрацията/редакцията
999 ## - СИСТЕМНИ КОНТРОЛНИ НОМЕРА
Koha biblionumber 71799
Koha biblioitemnumber 71799
Наличности
Код за отписване Код за изгубен артикул Код за повреда Коз за рестрикции Код за отдаване Артикулен № Име на библиотеката - собственик Име на библиотеката, в която се намира в момента Статус (Текущо местоположение) Дата на вписване в системата Местоположение - отдел Цена в лева Инвентарен номер Систематично азбучна сигнатура Баркод Номер на екземпляра Цена в евро Служебна бележка Служебен тип на артикула Източник на класификационната схема
  Не е изгубен Не е повреден без рестрикции ползва се в читалня 117151 Регионална библиотека "Любен Каравелов" Русе Регионална библиотека "Любен Каравелов" Русе Хранилище 2007-07-02 Хранилище 6.00 120000715236 Цб 234720 120000715236 1 3.07 Дост: Dp Вид: Д N: 6 Дата: 17.01.2007 Книги  
  Не е изгубен Не е повреден без рестрикции заемане за дома 117152 Регионална библиотека "Любен Каравелов" Русе Регионална библиотека "Любен Каравелов" Русе Детски отдел 2007-10-12 Детски отдел 6.00 120000718106 ДН 373.3.016:821/П 72 120000718106 2 3.07 Дост: Pk Вид: Ф N: 9219 Дата: 01.10.2007 Дата инв: 24.08.2015 Бележки инв: Д2015 Книги Universal Decimal Classification
  Не е изгубен Не е повреден без рестрикции заемане за дома 117153 Регионална библиотека "Любен Каравелов" Русе Регионална библиотека "Любен Каравелов" Русе Детски отдел 2007-10-12 Детски отдел 6.00 120000718107 ДН 373.3.016:821/П 72 120000718107 3 3.07 Дост: Pk Вид: Ф N: 9219 Дата: 01.10.2007 Дата инв: 24.08.2015 Бележки инв: Д2015 Книги Universal Decimal Classification
Vip Innovations Ltd, Rousse, Bulgaria 2025